000
00205 a2200085 4500
020
_a
978-0415482158
100
_a
Brian Greenhalgh
245
_a
Introduction to Building Procurement
260
_b
Routledge
_c
2011
999
_c
13580
_d
13580